| 000 | 00360 a2200169 4500 | ||
|---|---|---|---|
| 001 | 186469 | ||
| 020 | _a978-85-16-07300-8 | ||
| 040 | _cMagnum | ||
| 100 | _aRocha, Ruth | ||
| 240 | 1 | 0 |
_aA escola do Marcelo _lpor |
| 245 | 1 | 0 | _aA escola do Marcelo |
| 300 | _a30 | ||
| 362 | 0 | _a2011 | |
| 440 | 1 | _aSalamandra | |
| 697 | _aLITERATURA INFANTIL | ||
| 942 | _cBK | ||
| 999 |
_c186469 _d186469 |
||